000 00203nam a2200097Ia 4500
008 240331s9999 xx 000 0 und d
082 _bRAN
100 _aRangarajan,K
245 0 _aNaalu moolai
942 _cL
999 _c4668
_d4668